000 00260nam a2200097Ia 4500
001 1154250
005 20250827011140.0
008 250824s9999 xx 000 0 und d
245 0 _aKENDİ KENDİNİN GADİYANI OLMA
_cSANAL KLİNİK
260 _bDESTEK YAYINLARI
999 _c1154250
_d1154250